| 000 | 01043cam a2200289 4500 | ||
|---|---|---|---|
| 008 | 010921n2001 000 0 eng u | ||
| 020 | _a1873394527 | ||
| 035 | _a(Sirsi) u114759 | ||
| 100 | _aHowe, J.A. | ||
| 245 | 4 | _aThe geology of building stones | |
| 260 |
_aDonhead St Mary, Shaftesbury _bDonhead Publishing _c2001 |
||
| 300 |
_a455p. _c20cm. |
||
| 350 | _a35.00 | ||
| 520 | _aA facsimile edition of this title, originally published in London in1910 by Edward Arnold, which offers detailed information on the appearance and qualities of different types of stone. Much of this remains relevant today. Includes a new introduction by David Jefferson. | ||
| 650 | _aBUILT ENVIRONMENT-BUILDING MATERIALS | ||
| 650 | _aBUILDING STONE | ||
| 650 | _aDECAY | ||
| 650 | _aFROST DAMAGE | ||
| 650 | _aGEOLOGY | ||
| 650 | _aGRANITE | ||
| 650 | _aLIMESTONE | ||
| 650 | _aPOLLUTION | ||
| 650 | _aSANDSTONE | ||
| 650 | _aBUILT ENVIRONMENT-BUILDING MATERIALS-STONE | ||
| 690 | _aBUILT ENVIRONMENT-BUILDING MATERIALS | ||
| 942 | _n0 | ||
| 999 |
_c101666 _d101666 |
||